00323nam a2200121Ia 4500008004100000040001600041041001200057082001800069100002300087245004500110260003500155300001100190230917s9999||||xx |||||||||||||| ||und|| e11040aMAIN aEnglish a301.096 G985A aGutkind, Peter C W 0aAfrican social studies: A radical reader aNew YorkbMonthly Reviewc1977 a481 p.